Na jakich skoczniach dany zawodnik stawał na podium #1 Adam Małysz - Statystyki

Ogólne statystyki
  • Ten quiz został rozwiązany 70 razy
  • Średni wynik to 18 z 26
Statystyki odpowiedzi
Skocznia % Poprawnych
Zakopane
100%
Oslo
93%
Lahti (k 90 i k 116)
90%
Innsbruck
88%
Planica
88%
Garmisch-Partenkirchen
81%
Oberstdorf (k120 i k185)
81%
Trondheim
81%
Sapporo (k90 i k120)
79%
Willingen
78%
Vikersund
76%
Bischofshofen
74%
Lillehammer
74%
Engelberg
72%
Harrachov (k 125 i k 185)
69%
Kuopio
69%
Predazzo
69%
Ruka
66%
Falun (k90 i k115)
64%
Hakuba
57%
Villach
50%
Klingenthal
48%
Titisee-Neustadt
48%
Bad Mitterndorf
47%
Iron Mountain
40%
Park City
33%
Nie znaleziono quizów pasujących do podanych kryteriów
Rozkład punktacji
Procent ludzi z każdym wynikiem
Percentyl według liczby udzielonych odpowiedzi
Twoja historia wyników
Nie rozwiązałeś tego quizu